Gander International Airport Destinations (Gander, Canada) - Statistics

General Stats
  • This quiz has been taken 30 times
    12 since last reset
  • The average score is 4 of 7
Answer Stats
Airline Destination % Correct
Air Canada Express Montréal (Trudeau)
100%
Air Canada Express Toronto (Pearson)
100%
Air Canada Express Halifax
92%
PAL Airlines St. John's
83%
PAL Airlines Goose Bay
33%
PAL Airlines Churchill Falls
0%
PAL Airlines Wabush
0%
No matching quizzes found
Score Distribution
Percent of People with Each Score
Percentile by Number Answered
Your Score History
You have not taken this quiz since the last reset